| 000 | 00555nam a2200193 u 4500 | ||
|---|---|---|---|
| 005 | 20240924065457.0 | ||
| 008 | 090831s2004 r 000 0 eng d | ||
| 020 | _a9709421700 | ||
| 035 | _aUPN01000172147 | ||
| 049 | _aCG | ||
| 050 | 4 |
_aRG551 _bG6.2 |
|
| 100 | 1 | _aGonzález Azcárate, Sandra | |
| 245 | 1 | 0 |
_aAtlas del embarazo / _cSandra González Azcárate, Francisco Molina Fernández. |
| 260 |
_aMéxico : _bFraga, _c2004. |
||
| 300 | _a187 p. | ||
| 650 | 2 |
_aEmbarazo _913356 |
|
| 700 | 1 |
_aMolina Fernández, Francisco, _ecoaut. |
|
| 905 | _aLibro | ||
| 999 |
_c144251 _d144251 |
||